[Event "1st Gujarat GM Open 2018"]
[Site "Ahmedabad"]
[Date "2018.10.06"]
[Round "2"]
[White "Amonatov, Farrukh"]
[Black "Surendran N"]
[Result "1-0"]
[WhiteElo "2615"]
[BlackElo "2210"]
[Annotator "TA"]
[PlyCount "87"]
[EventDate "2018.10.05"]
[EventType "swiss"]
[EventCountry "IND"]
[SourceTitle "playchess.com"]
[Source "ChessBase"]
[SourceQuality "1"]

{[%evp 19,87,20,25,13,23,16,34,17,56,68,52,25,27,29,40,0,64,33,96,87,242,28,48,38,70,0,0,0,60,0,0,0,0,0,0,-6,0,0,0,0,0,0,36,23,29,0,9,0,0,0,0,0,30,19,45,0,171,0,208,0,166,0,200,12,293,255,5111,5135,2310,2255]} 1. e4 c5 2. Nf3 d6 3. c3 Nf6 4. Bd3 g6 5. h3 Bg7 6. O-O O-O 7. Bc2 Nc6 8. d4 cxd4 9. cxd4 d5 10. e5 Ne4 11. Nbd2 {B50: Sicilian: 2...d6, Miscellaneous} (11. Nc3 {keeps more tension.} Bf5 12. Ne2 Rc8 13. Bb3 Na5 14. Nh4) (11. Be3 Bf5 12. Nh4 Be6 13. Nd2 Nxd2 14. Qxd2 Qa5 15. Qd1 f5 16. f4 Bd7 17. g4 e6 18. Ng2 Rac8 {1-0 (32) Bruzon Batista,L (2650)-Vasquez Schroder,R (2553) Medellin 2017}) 11... Nxd2 12. Bxd2 Be6 13. Rc1 $146 {White is slightly better.} ({Predecessor:} 13. Be3 f6 14. exf6 exf6 15. Re1 Qd7 16. Ba4 {½-½ (35) Garcia Carey,O (2300)-Delgado Ramirez,N (2481) Las Tunas 2001}) 13... Qd7 14. Ba4 Rac8 15. Re1 a6 16. b4 b5 17. Bb3 Nb8 (17... Bf5 $11) 18. Ng5 Bf5 (18... Rxc1 $14 19. Bxc1 (19. Qxc1 Rc8 $14) 19... Nc6) 19. g4 $16 {Hoping for Rxc8.} Bd3 $2 (19... Be6 $16 {was necessary.}) 20. Nxf7 $2 (20. e6 $1 $18 {[%cal Re6d7]} fxe6 21. Rxc8 (21. Nxe6 Bc4 $14) 21... Rxc8 22. Qf3 (22. Nxe6 Bc4 $14)) 20... Bc4 $11 ({But not} 20... Rxf7 $2 21. e6 $18) 21. e6 Qa7 22. Nh6+ (22. Bc3 $1 $14) 22... Kh8 23. Nf7+ (23. Bxc4 $11 bxc4 24. Nf7+ Kg8 25. Qf3) 23... Kg8 $14 24. Qf3 (24. Bc3 $1 $14) 24... Nc6 $1 $11 25. Bxc4 dxc4 26. d5 Nd8 $1 {[%cal Rd8f7]} 27. Be3 $132 {[%cal Bd2e3,Be3c5,Bc5b4][%mdl 2080] White is not keeping still} Qa8 28. Bc5 Nxf7 29. exf7+ Rxf7 30. Qe4 Bf8 {[%cal Bg7f8,Bf8h6,Bh6g5][%mdl 32]} 31. Rcd1 a5 {With the idea ...axb4.} 32. a3 axb4 33. Bxb4 Qa7 34. Re3 Bh6 35. Re2 $1 Rcf8 {[%cal Rf7f2]} 36. Qe6 {[%cal Rb4e7]} Bg5 37. Kg2 Qa4 $2 (37... Bf4 $11) 38. Rb1 $2 (38. Rf1 $1 $18) 38... Qa7 $2 {[#]} (38... c3 $11 39. Bxc3 Qxa3) 39. Rd1 $2 (39. f4 $1 $18 {[%cal Rf4g5][%mdl 512]} Bxf4 40. Rf1) 39... Qa4 $2 (39... Bf4 $11 {and Black stays safe.}) 40. Rb1 Qa7 {[#]} 41. Rf1 $2 ({White has to play} 41. f4 $1 $18 {[%cal Rf4g5]} Bxf4 42. Rf1) 41... Kh8 $2 {[%mdl 8192] [#]} (41... Bf4 $11) 42. f4 $1 $18 {[%cal Rf4g5][%mdl 512]} Rxf4 $2 (42... Qd4 43. d6 exd6) 43. Rxf4 Rxf4 44. Qe5+ {Precision: White = 40%, Black = 36%.} 1-0

[Event "1st Gujarat GM Open 2018"]
[Site "Ahmedabad"]
[Date "2018.10.06"]
[Round "2"]
[White "Popov, Ivan"]
[Black "Niraj, Saripalli"]
[Result "1-0"]
[WhiteElo "2611"]
[BlackElo "2206"]
[Annotator "TA"]
[PlyCount "87"]
[EventDate "2018.10.05"]
[EventType "swiss"]
[EventCountry "IND"]
[SourceTitle "playchess.com"]
[Source "ChessBase"]
[SourceQuality "1"]

{[%evp 13,87,51,56,49,58,55,54,50,51,43,51,56,70,76,77,73,79,73,77,74,80,73,85,89,94,89,124,121,139,120,144,151,139,148,99,109,117,97,275,287,386,381,411,396,422,397,405,183,180,188,181,141,153,98,87,0,0,0,77,91,341,323,343,249,267,0,0,0,737,783,871,839,1437,1418,1252,1213]} 1. e4 e5 2. Nf3 Nc6 3. Bc4 Nf6 4. d3 {[%cal Bd2d3,Bd3d4,Bd4d5][%mdl 32]} h6 5. O-O d6 6. c3 g6 7. d4 Qe7 {LiveBook: 193 Games. C55: Two Knights: 4 d3, 4 d4 exd4 5 e5 and Max Lange Attack} 8. Bd3 (8. Re1 Bg7 9. Nbd2 Nh7 10. Bb5 Bd7 11. Nb3 O-O 12. Bxc6 Bxc6 13. Na5 Qe8 14. dxe5 dxe5 15. a4 Rd8 16. Qb3 b6 17. Nxc6 Qxc6 {½-½ (47) Najer,E (2707)-Rapport,R (2675) Tbilisi 2017}) 8... Bg7 9. d5 Nb8 {White is slightly better.} 10. c4 O-O 11. Nc3 Nh5 12. Bc2 $146 ({Predecessor:} 12. h3 Nf4 13. Bc2 a5 14. Be3 Na6 15. a3 {½-½ (61) Arnold,H (2315)-Mujunen,M (2182) ICCF email 2016}) 12... Bg4 13. h3 Bd7 14. Re1 Nf4 15. Be3 a5 16. a3 Na6 17. Rb1 Rae8 18. b4 axb4 19. axb4 g5 20. Nh2 Qf6 21. c5 h5 {[#]} 22. c6 $1 {[%mdl 512]} Bc8 (22... bxc6 23. dxc6) 23. Na4 bxc6 24. dxc6 g4 25. hxg4 Bh6 $2 (25... hxg4 $16 {might work better.} 26. b5 (26. Nxg4 Qh4 $16) 26... Nc5) 26. Nc3 $18 hxg4 27. Nxg4 Qh4 28. Nxh6+ Qxh6 29. Nd5 Kg7 {[#] ( -> ...Rh8)} 30. Nxf4 ({Not} 30. Bxf4 exf4 31. Qd4+ Re5 $18) (30. Qf3 $142) 30... exf4 31. Bd4+ f6 32. f3 Rh8 33. Kf1 (33. Kf2 $142) 33... Qg5 $16 34. Bg1 ({Better is} 34. Ke2 $16) 34... Rh1 $11 {Strongly threatening ...Nxb4!} 35. Qd4 $36 {[%mdl 2048] aiming for Bd3. White is pushing.} Re5 (35... Nb8 $11) 36. Bd3 $16 Nb8 $2 (36... Qh5 $16) 37. b5 $18 Rc5 38. Rec1 {[%cal Rc1c5]} Be6 39. Rxc5 $2 ({White should play} 39. Rd1 $18) 39... dxc5 $11 40. Qd8 Bh3 $2 {[%mdl 8192]} (40... Qe5 $11) 41. Qe7+ $18 {White is clearly winning.} Kh6 42. Qf8+ Kh5 43. Qh8+ Kg6 44. Qg8+ {Precision: White = 76%, Black = 46%.} 1-0

[Event "1st Gujarat GM Open 2018"]
[Site "Ahmedabad"]
[Date "2018.10.06"]
[Round "2"]
[White "Malakhatko, Vadim"]
[Black "Balaji Sekar"]
[Result "1-0"]
[WhiteElo "2552"]
[BlackElo "1189"]
[Annotator "TA"]
[PlyCount "77"]
[EventDate "2018.10.05"]
[EventType "swiss"]
[EventCountry "IND"]
[SourceTitle "playchess.com"]
[Source "ChessBase"]
[SourceQuality "1"]

{[%evp 18,77,6,0,0,0,8,-14,0,-16,-9,-14,0,-15,-10,-26,62,0,10,8,4,2,10,18,14,22,22,22,20,4,4,0,0,0,0,0,0,-30,-26,-95,-18,-22,160,158,137,145,176,164,160,140,143,129,131,124,177,169,381,152,268,240,850,833]} 1. c4 Nf6 2. Nf3 e6 3. g3 d5 4. Bg2 dxc4 5. Qa4+ Bd7 6. Qxc4 {A13: Reti-Eröffnung} c5 7. Ne5 Qc8 8. Qd3 Nc6 9. Nxd7 Nxd7 10. Nc3 {LiveBook: 10 Partien} Be7 11. Qb5 (11. O-O O-O 12. b3 Rd8 13. Bb2 Nb6 {1-0 (81) So,W (2780)-Wei,Y (2729) chess.com INT 2018}) 11... O-O 12. Bxc6 bxc6 13. Qd3 Nb6 {[#]} 14. b3 $146 {[#]} c4 $1 {[%mdl 512]} 15. bxc4 Qa6 16. Qc2 Bf6 (16... Qxc4 $11 17. d3 Qg4) 17. O-O ({Lieber} 17. d3 $1 $14) 17... Qxc4 18. Bb2 c5 19. d3 Qg4 20. Nd1 Bd4 21. e3 Bxb2 22. Nxb2 Rac8 23. Rfc1 h5 24. a4 Rfd8 25. a5 Nd5 26. Qc4 Qf3 27. Qe4 Qe2 28. Na4 (28. Rab1 $11 {bleibt in der Remisbreite.}) 28... Nf6 (28... Nb4 $1 $17 {[%cal Rb4d3]} 29. Nxc5 Nc2) 29. Qc4 $1 $11 Rxd3 $2 (29... h4 $11) 30. Nc3 $1 $16 {[%cal Rc3e2]} Qd2 {[#]} 31. Rd1 $1 {[%cal Rd1d2]} Rxc3 32. Qa6 (32. Rxd2 $2 {zu gefräßig.} Rxc4 33. Kg2 Rb4 $19) 32... Qb2 33. Qxc8+ Kh7 34. Rab1 $36 {[%mdl 2048] Schwarz steht unter starkem Druck.} Qe2 {Droht stark ...Tc2.} 35. Qb7 Rc2 (35... Kg6 $16) 36. Rf1 $18 h4 $2 (36... Kg6 {ist eine bessere Verteidigung.} 37. a6 (37. Qxa7 Ng4 $11) 37... Ra2) 37. Rbe1 $2 (37. Qxf7 $18 {und der Rest ist Schweigen. Und Tb7 würde nun gewinnen.} Ne4 38. Rb7 (38. gxh4 Qg4+ 39. Kh1 Rxf2 $17) (38. Qxe6 Qf3 $16)) 37... Qh5 {[#]} (37... Qc4 $16) 38. Qb1 $1 Qf5 $2 (38... Qg6 39. Rc1 Rxc1 40. Qxg6+ (40. Qxc1 hxg3 41. hxg3 Qf5 $16) 40... Kxg6 41. Rxc1 hxg3 42. hxg3 Nd7) 39. e4 {Precision: Weiß = 51%, Schwarz = 44%.} 1-0

[Event "1st Gujarat GM Open 2018"]
[Site "Ahmedabad"]
[Date "2018.10.06"]
[Round "2"]
[White "Ter-Sahakyan, Samvel"]
[Black "Ikramul, Haq Siam"]
[Result "1-0"]
[WhiteElo "2547"]
[BlackElo "2180"]
[Annotator "TA"]
[PlyCount "63"]
[EventDate "2018.10.05"]
[EventType "swiss"]
[EventCountry "IND"]
[SourceTitle "playchess.com"]
[Source "ChessBase"]
[SourceQuality "1"]

{[%evp 14,63,11,10,33,1,49,44,86,37,57,38,102,110,102,93,99,104,142,147,294,293,484,495,485,458,636,497,514,514,514,518,523,515,510,497,480,466,402,388,526,483,475,477,569,516,546,534,493,498,570,561]} 1. d4 Nf6 2. c4 e6 3. Nf3 d5 4. Nc3 Be7 5. Bf4 O-O 6. Qc2 a6 {D37: Queen's Gambit Declined: 5 Bf4} (6... c5 7. dxc5 Na6 8. Rd1 Nxc5 9. cxd5 Nxd5 10. e4 Nxf4 11. Rxd8 Rxd8 12. Ne5 Bf6 13. Nb5 b6 14. b4 Bxe5 15. bxc5 {½-½ (42) Nakamura,H (2791)-Topalov,V (2761) Saint Louis 2016 CBM 174 [Schulz,André]}) 7. cxd5 exd5 8. e3 {LiveBook: 6 Games} Nc6 {The position is equal.} 9. a3 Bg4 10. Bd3 Bh5 $146 ({Predecessor:} 10... h6 11. Ne5 Nxe5 12. Bxe5 c6 13. h3 Be6 14. O-O Nd7 15. f4 Nxe5 16. dxe5 {1-0 (31) Rodier,A (2074)-Rabhi,C (2090) France 2003}) 11. Bg5 Re8 12. O-O-O Bg6 (12... h6 $14 13. Bh4 Nd7 14. Bxe7 Nxe7) 13. Bxg6 $16 hxg6 14. Bxf6 Bxf6 15. Qb3 Ne7 {[#]} 16. g4 $1 (16. Qxb7 $6 c5 $14) 16... g5 {[#]} (16... Nc6 $16 17. Qxd5 (17. Nxd5 Na5 $14) (17. Qxb7 Qd7 $14) 17... Qc8) 17. h4 $1 $18 {[%cal Rh4g5]} ({Inferior is} 17. Qxb7 Qd7 $11) 17... Ng6 $2 (17... g6 {was called for.} 18. hxg5 Bg7) 18. hxg5 Bxg5 19. Rh5 Be7 20. Ne5 Nxe5 21. dxe5 g6 22. Rh2 {aiming for Rdh1.} Bf8 23. f4 c6 {[#]} 24. Ne4 $1 {[%mdl 512] Strongly threatening Nf6+.} Bg7 (24... dxe4 25. Rxd8) 25. g5 Kf8 26. Nf6 Qc7 27. Nxe8 {White is clearly winning.} Rxe8 {[#]} 28. e4 $1 Kg8 (28... dxe4 29. Rhd2) 29. exd5 cxd5+ 30. Rc2 Qd7 31. Qxd5 Qf5 32. Rd4 {Precision: White = 81%, Black = 25%.} 1-0

[Event "1st Gujarat GM Open 2018"]
[Site "Ahmedabad"]
[Date "2018.10.06"]
[Round "2"]
[White "Karthik Venkataraman"]
[Black "Kiran, Manisha Mohanty"]
[Result "1-0"]
[WhiteElo "2525"]
[BlackElo "2147"]
[Annotator "TA"]
[PlyCount "49"]
[EventDate "2018.10.05"]
[EventType "swiss"]
[EventCountry "IND"]
[SourceTitle "playchess.com"]
[Source "ChessBase"]
[SourceQuality "1"]

{[%evp 10,49,27,27,22,20,62,58,77,74,61,54,77,77,75,72,74,20,74,43,86,61,93,93,154,133,135,53,352,345,447,441,451,305,1886,1778,29985,29986,29986,29987,29985,29985]} 1. b3 e5 2. Bb2 Nc6 3. e3 Nf6 4. Nf3 d6 5. d4 exd4 6. Nxd4 Nxd4 {A01: Nimzowitsch-Larsen Opening} (6... Be7 7. Be2 O-O 8. O-O Nxd4 9. Qxd4 d5 10. c4 Be6 11. c5 c6 12. Rc1 Ne8 13. Qd2 Bf6 14. Nc3 {½-½ (32) Petrosian,T (2625)-Ter Sahakyan,S (2604) Yerevan 2016}) 7. Qxd4 Bf5 8. Nc3 Be7 {White is slightly better.} 9. O-O-O c6 $146 ({Predecessor:} 9... Qd7 10. e4 Be6 11. f4 Qd8 12. Be2 c6 13. f5 Bd7 14. e5 dxe5 15. Qxe5 {1-0 (29) Calvert,D (1950)-Humphreys,J (2080) England 2012}) 10. e4 Be6 11. f4 Qb6 12. Qd2 O-O-O 13. Bd3 ({White should play} 13. f5 $16 Bd7 14. Be2) 13... Rhe8 (13... d5 $11 {remains equal.} 14. exd5 cxd5) 14. h3 h5 15. Kb1 h4 16. Rhe1 Nh5 ({Better is} 16... Qa5) 17. Na4 Qc7 18. c4 (18. Be2 $16 Nf6 19. f5) 18... d5 $2 {[%mdl 8192] [#]} (18... Kb8 $14) 19. exd5 $18 cxd5 20. cxd5 Bxd5 21. Be5 Qd7 $2 (21... Bd6 22. Rc1 Bxe5 23. Rxe5 Bc6 24. Rxh5 Kb8) 22. Rc1+ Bc6 {[#]} 23. Rxc6+ $1 {[%mdl 512] White mates.} Qxc6 (23... bxc6 24. Ba6+) 24. Bf5+ Rd7 25. Rc1 {Precision: White = 64%, Black = 25%.} 1-0

[Event "1st Gujarat GM Open 2018"]
[Site "Ahmedabad"]
[Date "2018.10.06"]
[Round "2"]
[White "Stany, G.A."]
[Black "Arpita, Mukherjee"]
[Result "1-0"]
[WhiteElo "2502"]
[BlackElo "2147"]
[Annotator "TA"]
[PlyCount "85"]
[EventDate "2018.10.05"]
[EventType "swiss"]
[EventCountry "IND"]
[SourceTitle "playchess.com"]
[Source "ChessBase"]
[SourceQuality "1"]

{[%evp 14,85,-26,-34,-24,-54,0,-45,-44,-37,-36,-43,-28,-37,-23,-36,0,-49,-45,-102,43,3,49,49,49,48,43,54,45,45,37,7,160,173,159,147,211,208,230,220,206,175,183,190,183,180,182,174,277,274,248,300,287,297,284,283,285,283,285,289,285,268,276,274,379,372,329,326,437,433,432,385,368,363]} 1. f4 d5 2. Nf3 Nf6 3. g3 g6 4. Bg2 Bg7 5. O-O O-O 6. d3 c6 7. c3 Nbd7 8. Na3 {LiveBook: 4 Games. A03: Bird's Opening with 1...d5} (8. Qe1 Re8 9. d4 Ne4 10. g4 Nd6 11. Nbd2 Nf6 12. h3 a5 13. Ne5 a4 14. Ndf3 Nfe4 15. Kh1 f6 {1-0 (56) Movsziszian,K (2507)-Antal,G (2547) Barcelona 2017}) 8... a5 9. Qe1 b6 $146 (9... Re8 $15) ({Predecessor:} 9... e6 10. e4 b5 11. Nc2 c5 12. e5 Ne8 13. g4 f5 14. g5 Bb7 15. h4 Rf7 {½-½ (61) Rewitz,P (2202)-Vogelmann,P (2227) Radebeul 2016}) 10. h3 {The position is equal.} Ba6 11. g4 e6 12. Bd2 Qe7 13. Qh4 Rfe8 14. Rf2 Nf8 15. f5 exf5 16. gxf5 (16. Nd4 $15) 16... N6d7 ({Black should try} 16... gxf5 $17 17. Nd4 Ng6) 17. Qg3 (17. Bg5 {with more complications.} f6 18. Bd2 Rad8 19. Qg3 g5 20. h4) 17... Ne5 18. Raf1 Nxf3+ 19. Qxf3 Nd7 20. Nc2 Bf6 21. fxg6 fxg6 {Black wants to play ...Bh4.} 22. Bh6 Bg7 $2 {[#]} (22... Bh4 $11) 23. Bxg7 $16 Qxg7 24. Qg3 Qe5 (24... Rad8 $16 {keeps fighting.}) 25. Qg4 $18 Bc8 26. Nd4 Nf8 27. Nxc6 Bxg4 28. Nxe5 Rxe5 29. hxg4 {Black must now prevent c4.} Rd8 30. Rf6 Ne6 (30... b5 {was called for.} 31. Bf3 d4) 31. d4 Rxe2 {[#]} 32. Bf3 $1 {[%cal Rf3e2]} Re3 33. Kf2 Kg7 34. Kxe3 Kxf6 35. Bxd5+ $1 Ke7 36. Bxe6 Kxe6 {[%mdl 4096] Endgame KR-KR} 37. g5 Rd5 38. Rf6+ Ke7 39. Rxb6 Rxg5 40. Rb7+ Kd6 41. Rxh7 Rg2 42. Ra7 Rxb2 43. Rxa5 {Precision: White = 62%, Black = 42%.} 1-0

[Event "1st Gujarat GM Open 2018"]
[Site "Ahmedabad"]
[Date "2018.10.06"]
[Round "2"]
[White "Neverov, Valeriy"]
[Black "Singh, D.P."]
[Result "1-0"]
[WhiteElo "2488"]
[BlackElo "2132"]
[Annotator "TA"]
[PlyCount "88"]
[EventDate "2018.10.05"]
[EventType "swiss"]
[EventCountry "IND"]
[SourceTitle "playchess.com"]
[Source "ChessBase"]
[SourceQuality "1"]

{[%evp 9,88,2,19,6,25,32,22,15,15,20,16,14,49,40,35,25,38,28,67,18,29,19,20,16,31,37,33,39,69,71,94,94,102,100,111,99,94,102,141,122,124,108,143,146,163,168,136,124,131,107,141,104,107,119,120,92,122,126,119,0,90,57,78,70,85,85,86,86,86,85,86,83,107,109,106,105,131,133,123,64,98]} 1. d4 d5 2. Bf4 e6 3. e3 Bd6 4. Bg3 Ne7 5. Bd3 (5. Nf3 c5 6. c3 Nbc6 7. Nbd2 Nf5 8. Bxd6 Qxd6 9. Bd3 Nfe7 10. O-O O-O 11. Re1 h6 12. e4 cxd4 {0-1 (37) Grischuk,A (2781)-Topalov,V (2798) Stavanger 2015}) 5... b6 6. Nf3 {D00: 1 d4 d5: Unusual lines} Ba6 7. Bxa6 $146 ({Predecessor:} 7. O-O Bxd3 8. Qxd3 Bxg3 9. fxg3 Nd7 10. Nbd2 O-O 11. g4 c5 12. c3 {1-0 (22) Csatlos,B (2189)-Mozer,S (2014) Hungary 2010}) 7... Nxa6 8. c4 {[#] Black must now prevent Qa4+.The position is equal.} O-O 9. cxd5 exd5 10. Qe2 Bb4+ 11. Nc3 Qc8 12. Rc1 Qb7 13. O-O Rfe8 14. Ne5 Bxc3 15. Rxc3 c5 16. Qh5 Rf8 17. dxc5 Nxc5 18. Rfc1 $36 {[%mdl 2048] White is more active.} Rac8 19. b4 {[%cal Bb2b4,Bb4b5][%mdl 32]} Ne6 20. Rxc8 Nxc8 21. Nc6 Qd7 22. b5 Nc5 23. Rd1 f5 24. Qf3 Ne4 25. Be5 a6 26. Qe2 axb5 27. Qxb5 Nc5 28. h3 Re8 29. f4 Kh8 30. Nd4 Qxb5 31. Nxb5 Ne7 32. Bd6 Kg8 33. Nc7 Rc8 34. Nb5 ({Of course not} 34. Nxd5 $6 Nxd5 35. Rxd5 Rd8 $11) 34... Re8 $1 35. Bc7 Nd7 36. a4 Ra8 37. Bd6 Kf7 38. Bxe7 Kxe7 39. Rxd5 $16 {[%mdl 4096] Endgame KRN-KRN} g6 {[#]} 40. Rd4 $1 Rc8 41. g4 fxg4 42. hxg4 Rc2 43. Re4+ Kf6 44. g5+ (44. Re8 $16 {And now g5+ would win.} g5 45. f5) 44... Kf5 {Precision: White = 74%, Black = 45%.} 1-0

[Event "1st Gujarat GM Open 2018"]
[Site "Ahmedabad"]
[Date "2018.10.06"]
[Round "2"]
[White "Babujian, Levon"]
[Black "Matta, Vinay Kumar"]
[Result "1-0"]
[WhiteElo "2456"]
[BlackElo "2129"]
[Annotator "TA"]
[PlyCount "147"]
[EventDate "2018.10.05"]
[EventType "swiss"]
[EventCountry "IND"]
[SourceTitle "playchess.com"]
[Source "ChessBase"]
[SourceQuality "1"]

{[%evp 11,147,-8,-6,-23,3,-33,1,0,47,47,55,34,87,58,58,51,53,46,50,42,54,39,50,36,29,29,53,38,44,18,32,28,35,37,37,28,41,14,49,47,50,47,45,29,32,24,51,38,43,38,51,51,51,51,51,51,51,8,6,8,10,0,0,0,0,-60,-14,-17,0,0,0,0,0,0,14,14,16,8,17,0,73,64,68,54,58,35,161,162,210,197,215,182,203,206,198,193,229,149,164,164,288,277,446,424,712,779,572,464,410,0,0,0,64,64,64,64,64,64,64,64,64,64,253,253,253,8,8,8,8,8,8,8,29979,29980,29980,29981,29981,29982]} 1. d4 Nf6 2. Bg5 d5 3. Bxf6 gxf6 4. e3 c5 5. Bb5+ Bd7 6. Bxd7+ {D00: 1 d4 d5: Unusual lines} Qxd7 {LiveBook: 3 Games} 7. Ne2 $146 ({Predecessor:} 7. Qf3 cxd4 8. exd4 Nc6 9. Ne2 f5 10. O-O e6 11. Rd1 O-O-O 12. b3 Rg8 {½-½ (55) Morozevich,A (2760)-Ponomariov,R (2742) Thessaloniki 2013}) 7... cxd4 8. exd4 {The position is equal.} Bh6 9. O-O O-O 10. Ng3 Nc6 11. Nc3 Rfd8 (11... e6 $14) 12. Qh5 Bg7 $1 13. Nf5 e6 14. Nxg7 Kxg7 15. Rad1 Rg8 16. Rd3 Kh8 $1 17. Rh3 {[%csl Gh3][%cal Rh5h7]} (17. Ne2 {looks sharper.} Rg5 18. Qh6 Rg6 19. Qh4 Qd8 20. Rh3) 17... Rg7 18. Ne2 f5 19. Rd1 Rag8 20. Nf4 Qe7 21. c3 Qg5 22. Qxg5 Rxg5 23. Kf1 Rb8 24. a4 a5 25. Nd3 b5 26. axb5 Rxb5 27. Ra1 Rg8 28. Re3 Rgb8 29. Ree1 Kg7 30. Ke2 Ne7 31. Ra2 Nc6 32. Kd2 Kf6 33. Kc2 Rc8 34. Nc5 Rg8 35. g3 h5 36. b3 h4 37. Kd3 Ke7 38. Ke3 (38. Kc2 $11) 38... hxg3 39. hxg3 Rh8 40. Raa1 Kd6 41. Rh1 Rxh1 42. Rxh1 $11 {[%mdl 4096] Endgame KRN-KRN} Ne5 43. Rh8 Ng4+ 44. Ke2 Nf6 45. f3 e5 (45... Nd7 $1 $11) 46. dxe5+ Kxe5 47. Nd3+ Kd6 48. Nc1 a4 (48... Nd7 $14) 49. bxa4 $18 Rb2+ 50. Ke3 f4+ 51. Kxf4 Rc2 52. Nd3 $1 Rxc3 53. Ne5 Ke6 54. Rh6 Ke7 55. a5 d4 (55... Ne8 $142 56. a6 f6) 56. a6 {Hoping for a7.} d3 $2 (56... Nd5+ 57. Ke4 Nc7 58. Kxd4 Ra3) 57. a7 d2 (57... Nd5+ $142 58. Ke4 Nc7) 58. a8=Q {White wants to mate with Qb7+.} d1=Q 59. Qb7+ Nd7 {And now ...Qd4+ would win.} 60. Ng6+ $2 ({Less strong is} 60. Qb4+ Rc5 $16) (60. Kg4 $1 $18) 60... fxg6 $11 (60... Kf6 61. Nh4+ Kg7 62. Nf5+ Kg8 63. Qa8+ Rc8 64. Qxc8+ Nf8 65. Qxf8+ $1 {[%mdl 512]} Kxf8 66. Rh8#) 61. Rh7+ Ke6 (61... Kd8 $1 $11 62. Qa8+ Rc8 63. Rh8+ Ke7 64. Rxc8 (64. Qxc8 Qd4+ 65. Kg5 Qf6+ 66. Kh6 g5+ 67. Kh5 Qxf3+ 68. g4 Qf7+ 69. Kxg5 Qf6+ 70. Kh5 Qf7+ 71. Kh6 Qe6+ 72. Kh5 Qf7+ 73. Kh4 Qf2+ 74. Kh5 Qf7+ $11) 64... Qd2+ 65. Kg4 Nf6+ 66. Kh3 Qh6+ 67. Kg2 Qd2+ 68. Kh3 (68. Kf1 Qd1+ 69. Kg2 Qd2+ 70. Kg1 Qe1+ 71. Kh2 Qd2+ 72. Kh1 Qd1+ 73. Kh2 Qe2+ 74. Kh3 Qf1+ 75. Kh2 Qf2+ 76. Kh1 Qf1+ 77. Kh2 Qf2+ 78. Kh3 Qf1+ 79. Kh2 $11) 68... Qh6+ 69. Kg2 Qd2+ 70. Kf1 Qd1+ 71. Kg2 Qd2+) 62. Qe4+ $14 Kd6 63. Qb4+ Rc5 {[#] ( -> ...Qc1+)} 64. Rxd7+ $1 {[%mdl 512]} Kxd7 65. Qxc5 {KQ-KQ} Ke6 66. g4 g5+ $2 (66... Kf7 $14) 67. Kxg5 $18 Qxf3 {intending ...Qf6+.} 68. Qc8+ $2 (68. Qc4+ $18 Ke5 69. Qc5+ Ke6 70. Qb6+ Ke7 71. Qc5+ Ke6) 68... Ke7 $1 $11 69. Qc7+ Ke6 70. Qb6+ Ke7 71. Qd4 {Strongly threatening Qe5+.} Kf7 $2 {[%mdl 8192] [#]} (71... Ke6 $11) 72. Qd7+ $1 {White mates.} Kg8 73. Qe6+ Kg7 74. Qg6+ {Precision: White = 52%, Black = 41%.} 1-0

[Event "1st Gujarat GM Open 2018"]
[Site "Ahmedabad"]
[Date "2018.10.06"]
[Round "2"]
[White "Kasparov, Sergey"]
[Black "Tarun V Kanth"]
[Result "1-0"]
[WhiteElo "2453"]
[BlackElo "2123"]
[Annotator "TA"]
[PlyCount "89"]
[EventDate "2018.10.05"]
[EventType "swiss"]
[EventCountry "IND"]
[SourceTitle "playchess.com"]
[Source "ChessBase"]
[SourceQuality "1"]

{[%evp 34,89,22,23,21,5,18,8,14,0,0,0,0,0,0,0,8,4,13,26,27,32,36,5,16,10,21,11,15,16,81,95,91,85,97,12,16,0,437,437,433,427,399,413,470,447,475,450,436,436,421,429,425,424,422,410,382,382]} 1. e4 {Belov,I} e6 2. d4 d5 3. Nd2 Nf6 4. e5 Nfd7 5. Bd3 c5 6. c3 Nc6 7. Ne2 cxd4 8. cxd4 f6 9. exf6 Nxf6 10. Nf3 Bd6 11. O-O Qc7 12. g3 O-O 13. Bf4 Ng4 14. Bxd6 {C06: French Tarrasch: 3...Nf6 4 e5 Nfd7 5 Bd3 main lines} Qxd6 15. Nc3 e5 16. dxe5 Qh6 17. h4 Ngxe5 18. Ng5 {LiveBook: 9 Games} Kh8 19. Bxh7 {And now f4 would win.} Bg4 $1 {[%cal Rg4d1]} 20. Qxd5 Rad8 21. Qc5 {[#]} b6 $146 ({Predecessor:} 21... g6) 22. Qb5 {Threatens to win with Be4.} Nf3+ 23. Nxf3 Bxf3 24. Be4 Nd4 25. Qg5 $1 {[%cal Rg5h6] Strongly threatening Qxh6+.} Qe6 {( -> ...Qh3)} 26. Qg6 Qxg6 27. Bxg6 b5 $1 28. a3 {aiming for Rfe1.} Nb3 29. Ra2 Nd2 30. Rc1 {Threatening b4.} Rf6 31. h5 Bc6 (31... Rc6 $11) 32. f4 $16 Nf3+ {[#]} 33. Kf2 $1 {Ne4 is the strong threat.} Ne5 34. Ne2 ({White should try} 34. b4 $16) 34... Rd2 35. Ke3 (35. Bb1 {is interesting.} Rf8 36. Rc5 Ng4+ 37. Ke1 Rfd8 38. Rc1) 35... Nc4+ $2 {[%mdl 8192] [#]} (35... Rd8 $11 36. Kf2 Rd2) 36. Rxc4 $1 $18 Rxe2+ (36... bxc4 37. Kxd2) 37. Kxe2 bxc4 {[%mdl 4096] Endgame KRB-KRB} 38. Ra1 Rd6 39. Rc1 Bb5 40. Rc3 Kg8 41. Ke3 Kf8 42. b3 cxb3 43. Rxb3 a6 44. Bd3 Re6+ 45. Kf2 {Precision: White = 58%, Black = 60%.} 1-0